000 00494nam a2200193Ia 4500
003 LK-CoDNM
005 20240123135324.0
008 010623t1921 xxu||||| |||| 00| 1 sin d
040 _aLK-CoDNM
_dLK-CoDNM
_eLK-CoDNM
041 _asin
080 _a104
_bM 2
100 _aPerera,Tiyador.G
245 _aමනෝමය ගණිතය
246 _aMnomaya Ganitaya . Std .II
260 _bLankatilaka
_aHenaratgoda
_c1921
300 _b13p, 21 cm
650 _aMathematics
942 _cBK
999 _c90734
_d90734